[Event "FIDE World Bl Team Pool C"]
[Site "London ENG"]
[Date "2025.06.14"]
[Round "5.4"]
[White "Zakarian, Dimitrios Levon"]
[Black "Erdogmus, Yagiz Kaan"]
[Result "0-1"]
[BlackTitle "GM"]
[WhiteElo "2079"]
[BlackElo "2626"]
[WhiteTeam "ANI"]
[BlackTeam "Generation XYZA"]
[WhiteFideId "453080"]
[BlackFideId "44599790"]
[EventDate "2025.06.14"]
[EventType "team"]

1. d4 Nf6 2. c4 b6 3. Nf3 Bb7 4. a3 g6 5. Nc3 Bg7 6. g3 Ne4 7. Nxe4 Bxe4 8. Bg2
Nc6 9. O-O O-O 10. Be3 Na5 11. Rc1 c5 12. b4 Nb7 13. Qb3 Qc7 14. Rfd1 d6 15.
dxc5 bxc5 16. Nh4 Bxg2 17. Nxg2 Rfd8 18. Nf4 e6 19. Bd2 cxb4 20. axb4 a5 21. Nd3
axb4 22. Bxb4 Rdb8 23. Qc2 Rc8 24. e4 h5 25. h4 Qc6 26. f3 Ra4 27. Qb3 Rca8 28.
c5 Bd4+ 29. Kg2 dxc5 30. Bd2 Ra3 31. Qc4 R8a4 32. Qc2 Ra2 33. Qb3 c4 34. Rxc4
Qxc4 0-1

[Event "FIDE World Bl Team Pool C"]
[Site "London ENG"]
[Date "2025.06.14"]
[Round "5.5"]
[White "Mamedjarova, Turkan"]
[Black "Grigoryan, Meri"]
[Result "1-0"]
[WhiteTitle "WGM"]
[BlackTitle "WFM"]
[WhiteElo "2216"]
[BlackElo "1980"]
[WhiteTeam "Generation XYZA"]
[BlackTeam "ANI"]
[WhiteFideId "13402005"]
[BlackFideId "13300571"]
[EventDate "2025.06.14"]
[EventType "team"]

1. e4 c5 2. c3 e6 3. Nf3 Nc6 4. Bb5 d6 5. O-O g6 6. d4 cxd4 7. cxd4 Bd7 8. Nc3
Bg7 9. Bg5 Qb6 10. Bxc6 bxc6 11. Qd2 Rb8 12. Rab1 Nf6 13. Qf4 Nh5 14. Qd2 O-O
15. e5 f6 16. Bh6 fxe5 17. dxe5 d5 18. b3 Qb4 19. Rbc1 Qg4 20. h3 Qb4 21. Bxg7
Kxg7 22. Qg5 Nf4 23. Kh2 Rf5 24. Qh4 Rbf8 25. a3 Qb8 26. Nd4 Rh5 27. Qe7+ Rf7
28. Qd6 Qd8 29. Nce2 Qh4 30. Nf3 Qxh3+ 31. gxh3 Rxh3+ 32. Kg1 Nxe2+ 33. Kg2
Rhxf3 34. Rc2 Nd4 35. Rd2 Nb5 36. Qc5 R7f4 37. a4 Nc7 38. Rd4 Rf7 39. Rh4 R3f5
40. f4 a5 41. Rfh1 h5 42. Rf1 Na6 43. Qxa5 Nb8 44. Qb6 Rf8 45. a5 Bc8 46. Qc7+
R5f7 47. Qxb8 Ba6 48. Qb4 Bxf1+ 49. Kxf1 Kh6 50. Qd2 Rf5 51. Kg2 Ra8 52. b4 Rf7
53. Rh3 Rb7 54. Rg3 Rab8 55. f5+ Kh7 56. Rxg6 1-0

[Event "FIDE World Bl Team Pool C"]
[Site "London ENG"]
[Date "2025.06.14"]
[Round "5.6"]
[White "Mesropyan, Hayk"]
[Black "Yontar, Sabrican Onay"]
[Result "1/2-1/2"]
[WhiteElo "1866"]
[BlackElo "1941"]
[WhiteTeam "ANI"]
[BlackTeam "Generation XYZA"]
[WhiteFideId "499455"]
[BlackFideId "6373623"]
[EventDate "2025.06.14"]
[EventType "team"]

1. e4 e5 2. Nf3 Nc6 3. Bb5 Nd4 4. Nxd4 exd4 5. c3 Bc5 6. O-O c6 7. Be2 d5 8.
cxd4 Bxd4 9. exd5 Qxd5 10. Bf3 Qd8 11. Re1+ Ne7 12. Qe2 Bf6 13. Nc3 O-O 14. Ne4
Nd5 15. Nxf6+ Nxf6 16. d3 Re8 17. Be3 Bf5 18. Rad1 Qa5 19. a3 h6 20. Qc2 Nd5 21.
h3 Rad8 22. Be4 Nxe3 23. Rxe3 Be6 24. Rg3 Qe5 25. d4 Qf6 26. Rf3 Qg5 27. Rdd3
Bd5 28. Rg3 Bxe4 29. Rxg5 Bxd3 30. Rxg7+ Kxg7 31. Qxd3 Re6 32. Qg3+ Kh7 33. Qf4
Rd7 34. h4 Red6 35. Qf5+ Kg7 36. Qe5+ Kh7 37. Qf5+ Kg7 38. h5 Rxd4 39. Qe5+ Kh7
40. Qf5+ Kg7 41. g3 Rd1+ 42. Kg2 R1d5 43. Qg4+ Kh7 44. Qe4+ Kg7 45. b4 Rd4 46.
Qe5+ Kh7 47. Qf5+ Kg7 48. Kh3 R4d5 49. Qg4+ Kh7 50. Qe4+ Kg7 51. g4 Rd3+ 52. Kg2
R3d5 53. a4 Kg8 54. a5 a6 55. Qe8+ Kg7 56. Qe4 Kg8 57. Qe3 Kg7 58. Qe4 Kg8 59.
Kg3 Rd3+ 60. f3 R3d5 61. Qe3 Kg7 62. Kh4 Kh7 63. Qe4+ Kg7 64. f4 Rd1 65. g5
hxg5+ 66. Kxg5 Rg1+ 67. Kh4 Rgd1 68. Qe5+ Kh7 69. Qf5+ Kg7 70. Qg5+ Kh7 71. Qf5+
Kg7 72. Qe5+ Kh7 73. Qe4+ Kg7 74. Kg5 R1d5+ 75. Kg4 Rd1 76. Kh4 Kh6 77. Qe5 Kh7
78. h6 Kxh6 79. Qh8+ Kg6 80. Qh5+ Kg7 81. Qe5+ Kh7 82. Qh5+ Kg7 83. Qe5+ Kh7 1/2-1/2

[Event "FIDE World Bl Team Pool C"]
[Site "London ENG"]
[Date "2025.06.14"]
[Round "6.1"]
[White "Abdusattorov, Nodirbek"]
[Black "Samadov, Read"]
[Result "1/2-1/2"]
[WhiteTitle "GM"]
[BlackTitle "IM"]
[WhiteElo "2767"]
[BlackElo "2522"]
[WhiteTeam "Uzbekistan"]
[BlackTeam "Rookies"]
[WhiteFideId "14204118"]
[BlackFideId "13417444"]
[EventDate "2025.06.14"]
[EventType "team"]

1. e4 c5 2. Nf3 d6 3. d4 cxd4 4. Qxd4 Nc6 5. Qe3 g6 6. Be2 Bg7 7. O-O Nf6 8. h3
O-O 9. Rd1 Be6 10. Nc3 Rc8 11. a3 Qc7 12. Rb1 a6 13. b3 Ne5 14. Bb2 Nxf3+ 15.
Bxf3 Nd7 16. Nd5 Bxd5 17. Bxg7 Kxg7 18. exd5 Ne5 19. c4 b5 20. cxb5 Nxf3+ 21.
Qxf3 axb5 22. Qe3 Ra8 23. b4 Qa7 24. Qc3+ Kg8 25. Rb3 Rfc8 26. Qe1 Rc2 27. Re3
Kf8 28. Qf1 Qb6 29. Rde1 Ra7 30. Qd3 Rac7 31. Qe4 R2c4 32. Qf3 Qd4 33. g3 h5 34.
h4 Rc3 35. Kg2 Kg7 36. R1e2 Kf8 37. Kh2 Kg7 38. Qh1 Rxe3 39. Rxe3 Rc2 40. Qf3
Qf6 41. Kg2 Rd2 42. Re4 Qxf3+ 43. Kxf3 Kf8 44. a4 bxa4 45. b5 Rb2 46. Rxa4 Rxb5
47. Ke4 Kg7 48. f3 Kf6 49. g4 Rb1 50. g5+ Kg7 51. Kf4 Rd1 52. Ra7 Kf8 53. Ra8+
Kg7 54. Ra7 Rd4+ 55. Kg3 Kf8 56. Ra8+ Kg7 57. Ra7 Rxd5 58. Rxe7 Rf5 59. Rd7 Rd5
60. Rd8 Rd4 61. Kh3 d5 62. Kg3 Rd1 63. Kf4 Rd4+ 64. Kg3 Rd1 65. Kf4 Rd3 66. Kg3
Rd4 67. Kh3 Rd2 68. Kg3 d4 69. Kf4 Rd1 70. Kg3 d3 71. Kf4 d2 72. Ke3 Rh1 73.
Rxd2 Rxh4 74. Rd5 Rh2 75. Kf4 Rg2 76. Rd1 Kf8 77. Rd8+ Ke7 78. Ra8 Rd2 79. Ra7+
Rd7 80. Ra4 Ke6 81. Re4+ Kd6 82. Re1 Rc7 83. Rd1+ Ke7 84. Re1+ Kf8 85. Re5 Kg7
86. Kg3 Rd7 87. Rc5 Rd4 88. Re5 Rd7 89. Rc5 Re7 90. Rd5 Ra7 91. Re5 Rc7 92. Rd5
f6 93. gxf6+ Kxf6 94. Ra5 Re7 95. Ra6+ Re6 96. Ra5 Re5 97. Ra8 Rb5 98. Rf8+ Kg7
99. Ra8 Rb4 100. Ra5 Kh6 101. Rc5 Ra4 102. Rb5 Rc4 103. Ra5 Rd4 104. Rb5 Rd6
105. Rc5 Rf6 106. Rb5 g5 107. Rb8 Kg6 108. Rg8+ Kf5 109. Ra8 h4+ 110. Kg2 Re6
111. Rf8+ Rf6 112. Ra8 Rd6 113. Rf8+ Kg6 114. Rg8+ Kf6 115. Rf8+ Kg7 116. Ra8
Rd2+ 117. Kh3 Rf2 118. Kg4 Rg2+ 119. Kf5 h3 120. Ra7+ Kh6 121. Ra8 Kg7 122. Ra7+
Kh6 123. Ra8 Kg7 124. Ra7+ 1/2-1/2

[Event "FIDE World Bl Team Pool C"]
[Site "London ENG"]
[Date "2025.06.14"]
[Round "6.2"]
[White "Sapenov, Daniyal"]
[Black "Sindarov, Javokhir"]
[Result "0-1"]
[WhiteTitle "IM"]
[BlackTitle "GM"]
[WhiteElo "2405"]
[BlackElo "2710"]
[WhiteTeam "Rookies"]
[BlackTeam "Uzbekistan"]
[WhiteFideId "13728911"]
[BlackFideId "14205483"]
[EventDate "2025.06.14"]
[EventType "team"]

1. d4 Nf6 2. c4 g6 3. Nc3 Bg7 4. e4 d6 5. Be2 O-O 6. Be3 c5 7. d5 Qb6 8. Qd2 e6
9. Nf3 exd5 10. exd5 Bf5 11. O-O Ne4 12. Nxe4 Bxe4 13. Ng5 Re8 14. Rae1 Nd7 15.
b3 Nf6 16. Bd3 Bxd3 17. Qxd3 h6 18. Nf3 Qc7 19. Re2 Qd7 20. Rfe1 a6 21. h3 b5
22. Nd2 b4 23. Nf3 a5 24. Bf4 Rxe2 25. Rxe2 a4 26. Qb1 axb3 27. Qxb3 Ra3 28. Qd1
Rc3 29. Nd2 Nh5 30. Bh2 Nf6 31. Bf4 Kh7 32. Re3 Nh5 33. Bh2 Bd4 34. Rf3 f5 35.
Nb3 Bg7 36. Qe2 Nf6 37. Re3 Ne4 38. f3 Rxe3 39. Qxe3 Ng5 40. Bg3 Nf7 41. Qe6 Qc7
42. h4 h5 43. Bf4 Be5 44. Bxe5 Nxe5 45. Nd2 Qd7 46. f4 Qxe6 47. dxe6 Nc6 48. Nf3
Kg7 49. Kf2 Kf6 50. Ng5 Nd4 51. Ke3 Nxe6 52. Nf3 Nc7 53. Kd3 Ke7 54. Ne1 Kd7 55.
Nc2 Kc6 56. g3 d5 57. Ne3 d4 58. Nc2 Ne8 59. Ne1 Nf6 60. Nf3 Ne4 61. Ne5+ Kd6
62. Nxg6 Nxg3 63. Ne5 Ne4 64. Nf7+ Ke7 65. Ng5 Nc3 66. Nf3 Nxa2 67. Ne5 b3 68.
Nc6+ Kd6 69. Na5 Nb4+ 0-1

[Event "FIDE World Bl Team Pool C"]
[Site "London ENG"]
[Date "2025.06.14"]
[Round "6.4"]
[White "Nurman, Alua"]
[Black "Kasimdzhanov, Rustam"]
[Result "1/2-1/2"]
[WhiteTitle "WGM"]
[BlackTitle "GM"]
[WhiteElo "2339"]
[BlackElo "2675"]
[WhiteTeam "Rookies"]
[BlackTeam "Uzbekistan"]
[WhiteFideId "13729390"]
[BlackFideId "14200244"]
[EventDate "2025.06.14"]
[EventType "team"]

1. e4 d6 2. d4 Nf6 3. Nc3 g6 4. Be3 Bg7 5. Qd2 c6 6. Bh6 Bxh6 7. Qxh6 e5 8. Nf3
Qe7 9. O-O-O Nbd7 10. dxe5 dxe5 11. Bc4 b5 12. Bb3 Nc5 13. Kb1 Bg4 14. Qe3 O-O
15. h3 Bxf3 16. gxf3 Rad8 17. Ne2 a5 18. a3 Nh5 19. Rhg1 Kg7 20. Ng3 Nxg3 21.
fxg3 Rd6 22. Rd2 Rxd2 23. Qxd2 a4 24. Ba2 Rd8 25. Qe3 Rd4 26. Kc1 Qd6 27. h4 h6
28. Qe2 Ne6 29. c3 Qc5 30. Rf1 Rd6 31. Bxe6 Rxe6 32. Rd1 Rd6 33. Rxd6 Qxd6 34.
Qd2 Qc5 35. Kc2 Qg1 36. g4 Qg3 37. Qd6 Qxh4 38. Qxe5+ Qf6 39. Qg3 Qe6 40. Qf4
Qf6 41. Qg3 g5 42. Qf2 Qe5 43. Kb1 Kg6 44. Qb6 Qd6 45. Qe3 f6 46. Kc2 Qe6 47.
Qd3 Kg7 48. Qd8 Kg6 49. Qf8 Qf7 50. Qd6 Qb3+ 51. Kc1 Qc4 52. Qf8 Qf1+ 53. Kc2
Qe2+ 54. Kc1 Qe3+ 55. Kc2 Qe2+ 56. Kc1 Qe1+ 57. Kc2 1/2-1/2

[Event "FIDE World Bl Team Pool C"]
[Site "London ENG"]
[Date "2025.06.14"]
[Round "6.5"]
[White "Tokhirjonova, Gulrukhbegim"]
[Black "Suleimen, Ergali"]
[Result "0-1"]
[WhiteTitle "IM"]
[BlackTitle "FM"]
[WhiteElo "2370"]
[BlackElo "2302"]
[WhiteTeam "Uzbekistan"]
[BlackTeam "Rookies"]
[WhiteFideId "14203626"]
[BlackFideId "13724452"]
[EventDate "2025.06.14"]
[EventType "team"]

1. e4 c5 2. Nf3 e6 3. d4 cxd4 4. Nxd4 Nc6 5. Nc3 Qc7 6. Be2 Nf6 7. Be3 a6 8. O-O
Be7 9. f4 d6 10. Kh1 O-O 11. Qe1 Nxd4 12. Bxd4 b5 13. a3 Bb7 14. Bd3 Nd7 15. Qg3
Bf6 16. Ne2 Bxd4 17. Nxd4 Nf6 18. Rae1 d5 19. e5 Ne4 20. Bxe4 dxe4 21. Re3 Qc4
22. Rd1 Rad8 23. c3 a5 24. Qg4 b4 25. axb4 axb4 26. h4 bxc3 27. bxc3 Kh8 28. h5
h6 29. Kh2 Bd5 30. Rg3 Rg8 31. f5 Qa2 32. Qf4 Qa7 33. f6 Kh7 34. fxg7 Qe7 35.
Qf6 Qxf6 36. exf6 Bc4 37. Re1 Bd3 38. Ne2 Rd5 39. Nf4 Rf5 40. Nxd3 Rxh5+ 41. Rh3
Rxh3+ 42. Kxh3 exd3 43. Rd1 Kg6 44. Rxd3 Kxf6 45. c4 Rxg7 46. c5 Rg8 47. c6 Rc8
48. Rc3 Ke5 49. Kg4 Kd6 50. Kh5 Rxc6 51. Rf3 Ke7 52. Kxh6 Rc2 53. g4 Rg2 54. Kg5
f5 55. Kh5 Rxg4 56. Ra3 Rg8 57. Ra7+ Kf6 58. Ra6 f4 59. Kh4 Kf5 60. Kh3 e5 61.
Ra7 Rb8 62. Rf7+ Ke4 63. Kg2 Rb2+ 64. Kg1 Kf3 65. Re7 e4 66. Rh7 e3 67. Rh8 Rb1+
68. Kh2 e2 0-1

[Event "FIDE World Bl Team Pool C"]
[Site "London ENG"]
[Date "2025.06.14"]
[Round "6.6"]
[White "Dauren, Darmen"]
[Black "Imomkuzieva, Nilufarkhon"]
[Result "0-1"]
[BlackTitle "WFM"]
[WhiteElo "2008"]
[BlackElo "2066"]
[WhiteTeam "Rookies"]
[BlackTeam "Uzbekistan"]
[WhiteFideId "13755579"]
[BlackFideId "14216736"]
[EventDate "2025.06.14"]
[EventType "team"]

1. d4 Nf6 2. Bg5 d5 3. Bxf6 gxf6 4. e3 e6 5. c4 c5 6. dxc5 dxc4 7. Qxd8+ Kxd8 8.
Bxc4 Bxc5 9. Nc3 Ke7 10. Nf3 Bd7 11. Bb5 Nc6 12. Ke2 a6 13. Bd3 Ne5 14. Nxe5
fxe5 15. g4 Rac8 16. g5 Bc6 17. Be4 Bb4 18. Bxc6 Rxc6 19. Ne4 h6 20. h4 hxg5 21.
hxg5 Rxh1 22. Rxh1 Rc2+ 23. Kd3 Rxb2 24. Rh7 Kf8 25. a4 Be1 26. f3 b5 27. axb5
Rxb5 28. Ke2 Bb4 29. Kd3 a5 30. Kc4 Rd5 31. Nf6 Rc5+ 32. Kd3 Rc3+ 33. Ke4 Ke7
34. Rh8 Rc4+ 35. Kd3 Rc3+ 36. Ke4 Bc5 37. Kxe5 Rxe3+ 38. Kf4 Re1 39. Re8+ Kd6
40. Rd8+ Kc6 41. Rd7 Be3+ 42. Kg3 Bxg5 43. Rxf7 Bxf6 44. Rxf6 a4 45. Rf4 Kb5 46.
Kf2 Re5 47. Rd4 a3 48. Rd2 Kb4 49. f4 Rd5 50. Re2 Rd6 51. Ke3 Kb3 52. Ke4 a2 53.
Re1 Kb2 54. Ke5 Rc6 55. Re2+ Rc2 56. Re1 Rc6 57. Re2+ Kb1 58. Kd4 0-1

[Event "FIDE World Bl Team Pool C"]
[Site "London ENG"]
[Date "2025.06.14"]
[Round "6.1"]
[White "Kogan, Arthur"]
[Black "Mamedyarov, Shakhriyar"]
[Result "0-1"]
[WhiteTitle "GM"]
[BlackTitle "GM"]
[WhiteElo "2475"]
[BlackElo "2746"]
[WhiteTeam "OlalaStars"]
[BlackTeam "Generation XYZA"]
[WhiteFideId "2800802"]
[BlackFideId "13401319"]
[EventDate "2025.06.14"]
[EventType "team"]

1. e4 e5 2. Nf3 Nc6 3. d4 exd4 4. Nxd4 Bc5 5. Nb3 Bb6 6. Qe2 a5 7. a4 Nge7 8.
Na3 O-O 9. Nc4 Nd4 10. Nxd4 Bxd4 11. Be3 Bxe3 12. Qxe3 d5 13. O-O-O Be6 14. Qa3
c6 15. exd5 Nxd5 16. Bd3 Qf6 17. Rhf1 Rfd8 18. Kb1 b5 19. Ne3 b4 20. Qa1 Nf4 21.
Be4 Ne2 0-1

[Event "FIDE World Bl Team Pool C"]
[Site "London ENG"]
[Date "2025.06.14"]
[Round "6.2"]
[White "Gurel, Ediz"]
[Black "Krivenko, Dion"]
[Result "1-0"]
[WhiteTitle "GM"]
[BlackTitle "FM"]
[WhiteElo "2636"]
[BlackElo "2243"]
[WhiteTeam "Generation XYZA"]
[BlackTeam "OlalaStars"]
[WhiteFideId "44507356"]
[BlackFideId "4508378"]
[EventDate "2025.06.14"]
[EventType "team"]

1. Nf3 Nf6 2. b3 g6 3. Bb2 Bg7 4. e3 O-O 5. Be2 d6 6. d4 a5 7. c4 a4 8. bxa4 Na6
9. O-O c5 10. Nc3 Qa5 11. Nb5 Bf5 12. Bc3 Qd8 13. d5 Nb8 14. Nh4 Bc8 15. Rb1
Nbd7 16. Nf3 Ne4 17. Bxg7 Kxg7 18. Bd3 Ndf6 19. h3 Bd7 20. Qc2 Bf5 21. g4 Bxg4
22. hxg4 Qd7 23. Nh2 Ng5 24. f4 Nh3+ 25. Kg2 h5 26. g5 Ng4 27. Rf3 f6 28. Rxh3
fxg5 29. Rf1 gxf4 30. exf4 Rf6 31. Nxg4 hxg4 32. Rh4 Raf8 33. Rfh1 Rxf4 34. Rh7+
Kf6 35. Qb2+ Kg5 36. R1h5+ gxh5 37. Qg7+ Kh4 38. Rxh5+ Kxh5 39. Qg6+ Kh4 40.
Qh6# 1-0

[Event "FIDE World Bl Team Pool C"]
[Site "London ENG"]
[Date "2025.06.14"]
[Round "6.3"]
[White "Sason, Noam"]
[Black "Solak, Dragan"]
[Result "0-1"]
[BlackTitle "GM"]
[WhiteElo "2153"]
[BlackElo "2591"]
[WhiteTeam "OlalaStars"]
[BlackTeam "Generation XYZA"]
[WhiteFideId "371282346"]
[BlackFideId "916811"]
[EventDate "2025.06.14"]
[EventType "team"]

1. Nf3 c5 2. g3 Nc6 3. Bg2 e5 4. e4 d6 5. O-O g6 6. Nc3 Nge7 7. Nd5 Nxd5 8. exd5
Ne7 9. c4 Bg7 10. d3 O-O 11. a3 a5 12. b3 Bd7 13. Rb1 b5 14. Ng5 Qc7 15. Ne4 h6
16. Nc3 b4 17. Ne2 f5 18. f4 Kh7 19. axb4 axb4 20. Be3 Ra3 21. Qd2 Ng8 22. fxe5
dxe5 23. Nc1 Nf6 24. h3 Re8 25. Qf2 Bf8 26. g4 f4 27. Bd2 g5 28. Qe2 Bd6 29.
Be4+ Kg7 30. Kg2 Rh8 31. Rh1 h5 32. Bf3 Raa8 33. Rb2 Rh6 34. Ra2 Rxa2 35. Nxa2
Qc8 36. d4 cxd4 37. Bxb4 Bxb4 38. Nxb4 hxg4 39. hxg4 Rxh1 40. Kxh1 Qh8+ 41. Kg2
Qh4 42. Qxe5 Qg3+ 43. Kh1 Qxf3+ 44. Kg1 Qxg4+ 45. Kh1 Qf3+ 46. Kg1 Qg3+ 47. Kh1
Bh3 48. Qe2 f3 49. Qe7+ Kg6 0-1

[Event "FIDE World Bl Team Pool C"]
[Site "London ENG"]
[Date "2025.06.14"]
[Round "6.4"]
[White "Erdogmus, Yagiz Kaan"]
[Black "Blokhin, Sofia"]
[Result "1-0"]
[WhiteTitle "GM"]
[BlackTitle "WFM"]
[WhiteElo "2626"]
[BlackElo "2057"]
[WhiteTeam "Generation XYZA"]
[BlackTeam "OlalaStars"]
[WhiteFideId "44599790"]
[BlackFideId "4508190"]
[EventDate "2025.06.14"]
[EventType "team"]

1. Nf3 g6 2. e4 c5 3. Nc3 Bg7 4. Bc4 Nc6 5. a3 d6 6. h3 Nf6 7. d3 O-O 8. Be3 a6
9. a4 e6 10. Bb3 b6 11. O-O d5 12. Bg5 d4 13. Ne2 e5 14. Bd5 Qd6 15. Bxc6 Qxc6
16. Nxe5 Qc7 17. Nc4 Be6 18. Bf4 Qc6 19. Ne5 Qb7 20. Qd2 Rfe8 21. Nf3 Qd7 22.
Be5 Bxh3 23. gxh3 Qxh3 24. Bxf6 Qxf3 25. Bxg7 Kxg7 26. Rae1 Re5 27. Qf4 Qxf4 28.
Nxf4 Rg5+ 29. Ng2 h5 30. f4 Rg4 31. Kh2 h4 32. Rf3 Rh8 33. Rh3 f6 34. e5 fxe5
35. Rxe5 Kf6 36. a5 bxa5 37. Rxc5 Re8 38. Rxh4 Rxh4+ 39. Nxh4 Re2+ 40. Kg3 Re3+
41. Kg4 a4 42. Rc6+ Kf7 43. Nxg6 Re1 44. Ne5+ Kg7 45. Rxa6 Re2 46. Rxa4 Rxc2 47.
Rb4 Rg2+ 48. Kf5 Rc2 49. Rb7+ Kg8 50. b4 Rf2 51. b5 Rb2 52. Kf6 Rf2 53. f5 Kh8
54. Ng6+ Kg8 55. Rg7# 1-0

[Event "FIDE World Bl Team Pool C"]
[Site "London ENG"]
[Date "2025.06.14"]
[Round "6.5"]
[White "Agafonov, Yuri Dr"]
[Black "Mamedjarova, Turkan"]
[Result "0-1"]
[BlackTitle "WGM"]
[WhiteElo "2096"]
[BlackElo "2216"]
[WhiteTeam "OlalaStars"]
[BlackTeam "Generation XYZA"]
[WhiteFideId "11602104"]
[BlackFideId "13402005"]
[EventDate "2025.06.14"]
[EventType "team"]

1. b4 d5 2. Bb2 Nf6 3. e3 Bf5 4. Nf3 e6 5. a3 Bd6 6. Be2 O-O 7. d3 Nbd7 8. Nbd2
e5 9. h3 h6 10. O-O Qe7 11. Re1 c6 12. c4 e4 13. Nd4 Bg6 14. dxe4 dxe4 15. c5
Bc7 16. Nc4 Ne5 17. Rc1 Rad8 18. Nxe5 Qxe5 19. g3 Nd5 20. Bf1 Qg5 21. Qg4 Qxg4
22. hxg4 Kh7 23. Nf5 f6 24. Bc4 Rfe8 25. Rcd1 b5 26. Bxd5 cxd5 27. Nd4 a6 28.
Ne2 h5 29. a4 bxa4 30. Ra1 Rb8 31. Bc3 Re6 32. Nd4 Ree8 33. Rxa4 hxg4 34. Rxa6
Be5 35. c6 Bxd4 36. exd4 Bf5 37. c7 Rb7 38. Rc6 Rc8 39. Bd2 Rcxc7 40. Rec1 Rxc6
41. Rxc6 Ra7 42. Kg2 e3 43. fxe3 Ra2 44. b5 Rxd2+ 45. Kf1 Bd3+ 46. Ke1 Rb2 47.
b6 Kg6 48. Rd6 Bc4 49. Kd1 Kf5 50. Kc1 Rb3 51. Kd2 Rb2+ 52. Kc3 Rb3+ 53. Kd2 Ke4
54. Rd7 Kf3 55. b7 Kxg3 56. Rxg7 Kf3 57. Kc2 Rb6 58. Re7 g3 59. Kc3 Rb3+ 60. Kc2
g2 61. Rg7 Kf2 62. e4 g1=Q 63. Rxg1 Kxg1 64. e5 fxe5 0-1

[Event "FIDE World Bl Team Pool C"]
[Site "London ENG"]
[Date "2025.06.14"]
[Round "6.1"]
[White "Keymer, Vincent"]
[Black "Gurevich, Ilya"]
[Result "1-0"]
[WhiteTitle "GM"]
[BlackTitle "GM"]
[WhiteElo "2730"]
[BlackElo "2586"]
[WhiteTeam "Germany and Friends"]
[BlackTeam "e-therapeutics"]
[WhiteFideId "12940690"]
[BlackFideId "2000628"]
[EventDate "2025.06.14"]
[EventType "team"]

1. c4 Nf6 2. Nf3 g6 3. Nc3 d5 4. cxd5 Nxd5 5. h4 Nxc3 6. bxc3 h5 7. e4 b6 8. d4
Bg7 9. Bb5+ Nd7 10. Bc6 Rb8 11. Qa4 a6 12. O-O b5 13. Qa3 O-O 14. Bg5 Bf6 15. e5
Bxg5 16. Nxg5 e6 17. Bxd7 Bxd7 18. Ne4 f5 19. Nf6+ Kg7 20. Qc1 Bc6 21. Re1 Bd5
22. a4 Rb7 23. Qg5 Rxf6 24. exf6+ Qxf6 25. Qf4 b4 26. cxb4 Rxb4 27. Qxc7+ Kh6
28. Qf4+ g5 29. Qd6 Rxd4 30. hxg5+ Kxg5 31. Re3 h4 32. Rae1 Rg4 33. f3 Rxa4 34.
Qb8 h3 35. Qg8+ Kh6 36. gxh3 Ra2 37. Rxe6 Bxe6 38. Rxe6 1-0

[Event "FIDE World Bl Team Pool C"]
[Site "London ENG"]
[Date "2025.06.14"]
[Round "6.2"]
[White "Pert, Nicholas"]
[Black "Svane, Rasmus"]
[Result "1/2-1/2"]
[WhiteTitle "GM"]
[BlackTitle "GM"]
[WhiteElo "2509"]
[BlackElo "2626"]
[WhiteTeam "e-therapeutics"]
[BlackTeam "Germany and Friends"]
[WhiteFideId "403989"]
[BlackFideId "4657101"]
[EventDate "2025.06.14"]
[EventType "team"]

1. d4 d5 2. c4 e6 3. Nf3 a6 4. cxd5 exd5 5. Nc3 Nf6 6. Bg5 Be6 7. e3 Nbd7 8. Bd3
c6 9. O-O Bd6 10. h3 Qc7 11. Ne2 O-O 12. Bf4 g6 13. b4 Nh5 14. Bxd6 Qxd6 15. a4
Rfc8 16. Qb3 Ng7 17. Rfc1 Nf6 18. b5 a5 19. bxc6 bxc6 20. Qa3 Qxa3 21. Rxa3 Nd7
22. Rac3 Nb6 23. Bc2 f6 24. Bb3 Bd7 25. Nf4 Kf8 26. Nd3 Ne6 27. Nd2 Ke7 28. Nc5
Rab8 29. Nxe6 Kxe6 30. Rc5 Ra8 31. Kf1 Kd6 32. Ke2 1/2-1/2

[Event "FIDE World Bl Team Pool C"]
[Site "London ENG"]
[Date "2025.06.14"]
[Round "6.3"]
[White "Bluebaum, Matthias"]
[Black "Williams, Simon K"]
[Result "1-0"]
[WhiteTitle "GM"]
[BlackTitle "GM"]
[WhiteElo "2663"]
[BlackElo "2444"]
[WhiteTeam "Germany and Friends"]
[BlackTeam "e-therapeutics"]
[WhiteFideId "24651516"]
[BlackFideId "404454"]
[EventDate "2025.06.14"]
[EventType "team"]

1. d4 e6 2. c4 f5 3. Nc3 Nf6 4. e3 b6 5. Bd3 Bb7 6. Nf3 Bb4 7. O-O O-O 8. Ne2
Bxf3 9. gxf3 Nh5 10. Ng3 Qh4 11. f4 Nf6 12. Qf3 Nc6 13. c5 bxc5 14. a3 c4 15.
Bxc4 Ng4 16. Qg2 Bd6 17. h3 Nh6 18. d5 Na5 19. Ba2 e5 20. fxe5 Bxe5 21. Bd2 Nf7
22. Nxf5 Qf6 23. Qxg7+ Qxg7+ 24. Nxg7 Nb7 25. Nf5 Nbd6 26. Nxd6 Bxd6 27. f4 Rae8
28. Kf2 Nh6 29. Rg1+ Kf7 30. Bb1 Bc5 31. Bxh7 Ke7 32. Kf3 Nf7 33. Bc3 Kd8 34.
Rae1 Ne5+ 35. Bxe5 Rxe5 36. Rg8 Rxg8 37. fxe5 Rg5 38. Kf4 Rh5 39. Bf5 d6 40. Kg4
Rh8 41. e6 Ke7 42. e4 Kf6 43. Kf3 Rh4 44. b4 Bb6 45. Re2 Rh8 46. Rg2 a5 47. Rg6+
Ke5 48. e7 Re8 49. Re6+ Kd4 50. Bg6 1-0

[Event "FIDE World Bl Team Pool C"]
[Site "London ENG"]
[Date "2025.06.14"]
[Round "6.4"]
[White "Pert, Richard G"]
[Black "Svane, Frederik"]
[Result "0-1"]
[WhiteTitle "IM"]
[BlackTitle "GM"]
[WhiteElo "2416"]
[BlackElo "2667"]
[WhiteTeam "e-therapeutics"]
[BlackTeam "Germany and Friends"]
[WhiteFideId "404748"]
[BlackFideId "12923044"]
[EventDate "2025.06.14"]
[EventType "team"]

1. d4 Nf6 2. Nf3 e6 3. Bf4 h6 4. e3 Nh5 5. Bg3 d6 6. Nbd2 Nd7 7. Bd3 b6 8. Qe2
Bb7 9. O-O-O a6 10. e4 b5 11. Kb1 Nxg3 12. hxg3 c5 13. c3 Qc7 14. g4 Be7 15. g5
O-O-O 16. gxh6 gxh6 17. Nf1 Kb8 18. Ng3 Nf6 19. e5 dxe5 20. Nxe5 Bd6 21. f4 Nd5
22. Nh5 Rhg8 23. dxc5 Bxc5 24. Be4 Nxf4 25. Qf3 Rxd1+ 26. Rxd1 Qxe5 27. Bxb7
Nxh5 28. Ka1 Qf5 29. Qc6 Qc2 30. Rb1 Qf5 31. Bxa6 Qd5 32. Qxb5+ Ka7 33. Qa4 Kb6
34. Qb5+ Kc7 35. Rf1 f5 36. Qe2 Nf6 37. Bc4 Qe4 38. Qd2 Qxc4 39. Rd1 Nd5 40.
Qxh6 Qe2 41. Qh7+ Kc6 42. Rb1 Ra8 43. Qf7 Nxc3 0-1

[Event "FIDE World Bl Team Pool C"]
[Site "London ENG"]
[Date "2025.06.14"]
[Round "6.5"]
[White "Bashylina, Luisa"]
[Black "Sivanandan, Bodhana"]
[Result "1/2-1/2"]
[WhiteTitle "WFM"]
[BlackTitle "WFM"]
[WhiteElo "2120"]
[BlackElo "2109"]
[WhiteTeam "Germany and Friends"]
[BlackTeam "e-therapeutics"]
[WhiteFideId "12983292"]
[BlackFideId "497592"]
[EventDate "2025.06.14"]
[EventType "team"]

1. d4 d5 2. c4 c6 3. Nf3 Nf6 4. Nc3 e6 5. Bg5 Nbd7 6. e3 Qa5 7. cxd5 Nxd5 8. Qd2
Bb4 9. Rc1 Nxc3 10. bxc3 Ba3 11. Rb1 b6 12. Bd3 Ba6 13. O-O Bxd3 14. Qxd3 O-O
15. Bf4 Rfe8 16. e4 Qh5 17. h3 Bf8 18. c4 c5 19. d5 exd5 20. exd5 Qg6 21. Qxg6
hxg6 22. Rfe1 Be7 23. Re2 Bf6 24. Rbe1 Rxe2 25. Rxe2 a6 26. a4 Kf8 27. Kf1 Re8
28. Bd6+ Be7 29. Bc7 Bd8 30. Rxe8+ Kxe8 31. d6 f6 32. Nd2 Nf8 33. Nb3 Ne6 34.
Bb8 Kd7 35. Ke2 Kc6 36. Kd3 b5 37. axb5+ axb5 38. cxb5+ Kxb5 39. Nd2 Kc6 40. Ne4
Kd5 41. Nc3+ Kc6 42. Ne4 Kd5 43. Nc3+ Kc6 44. Ne4 Kd5 1/2-1/2